Statistics for WWE Royal Rumble 2015 Entrants Quiz

Click here to take the quiz!

General Stats

  • This quiz has been taken 1,125 times
    (1,115 since last reset)
  • The average score is 17 of 30

Answer Stats

EN Answer EL % Correct
19Roman ReignsW
92%
25Dean Ambrose25
85%
24Kane26
85%
29Big Show27
83%
5Bray Wyatt24
82%
1The Miz1
77%
30Dolph Ziggler23
75%
4Luke Harper4
72%
15Rusev28
70%
10Daniel Bryan11
68%
2R-Truth2
64%
17Kofi Kingston13
62%
20Big E18
58%
6Curtis Axel-
57%
3Bubba Ray Dudley3
57%
16Goldust14
53%
13Stardust15
53%
28Cesaro22
50%
7The Boogeyman5
48%
23Ryback19
46%
8Sin Cara6
45%
9Zack Ryder7
44%
27Bad News Barrett21
42%
21Damien Mizdow16
39%
14Diamond Dallas Page9
38%
26Titus O'Neil17
38%
11Fandango10
36%
22Jack Swagger20
35%
12Tyson Kidd8
33%
18Adam Rose12
32%

Score Distribution

Percentile by Number Answered

Percent of People with Each Score

Your Score History

You have not taken this quiz since the last reset